[Event "Titled Tuesday intern op 02nd May Late"]
[Site "Chess.com INT"]
[Date "2023.05.02"]
[Round "11"]
[White "Przybylski, Wojciech"]
[Black "Yan, Benjamin"]
[Result "1-0"]
[WhiteElo "2321"]
[BlackElo "2111"]
[PlyCount "53"]
[EventDate "2023.05.02"]
[EventType "swiss (blitz)"]
[EventRounds "11"]
[EventCountry "USA"]
[SourceTitle "EXT 2024"]
[Source "ChessBase"]
[SourceDate "2023.10.10"]
[SourceVersion "1"]
[SourceVersionDate "2023.10.10"]
[SourceQuality "1"]

1. e4 c5 2. Nf3 d6 3. d4 cxd4 4. Nxd4 Nf6 5. Nc3 a6 6. Bg5 e6 7. f4 Be7 8. Qf3 Nbd7 9. 0-0-0 Qc7 10. g4 h6 11. Bxf6 Bxf6 12. Kb1 b5 13. h4 Bb7 14. Bg2 Rc8 15. g5 Be7 16. g6 b4 17. gxf7+ Kxf7 18. Nxe6 Kxe6 19. Qh5 Bf6 20. Bh3+ Ke7 21. e5 Bxh1 22. exd6+ Qxd6 23. Rxd6 Kxd6 24. Qd1+ Kc5 25. Na4+ Kb5 26. Qd3+ Kxa4 27. Qxa6# 1-0

[Event "Titled Tuesday intern op 02nd May Late"]
[Site "Chess.com INT"]
[Date "2023.05.02"]
[Round "10"]
[White "Yan, Benjamin"]
[Black "Colpe, Malte"]
[Result "1-0"]
[WhiteElo "2111"]
[BlackElo "2370"]
[PlyCount "51"]
[EventDate "2023.05.02"]
[EventType "swiss (blitz)"]
[EventRounds "11"]
[EventCountry "USA"]
[SourceTitle "EXT 2024"]
[Source "ChessBase"]
[SourceDate "2023.10.10"]
[SourceVersion "1"]
[SourceVersionDate "2023.10.10"]
[SourceQuality "1"]

1. d4 e6 2. c4 d5 3. Nf3 c6 4. g3 dxc4 5. Bg2 b5 6. Ne5 Bb7 7. a4 Bb4+ 8. Nc3 f6 9. Nf3 Ne7 10. 0-0 a6 11. e4 0-0 12. Be3 Nd7 13. Na2 Ba5 14. b3 cxb3 15. Qxb3 Kh8 16. Qxe6 Re8 17. Qb3 Ng6 18. Nc3 Bxc3 19. Qxc3 Rxe4 20. Ne5 Rxe5 21. dxe5 Ngxe5 22. Rfd1 Qe7 23. axb5 axb5 24. Rxa8+ Bxa8 25. Qa5 Bb7 26. Qc7 1-0

[Event "Titled Tuesday intern op 25th Apr Late"]
[Site "Chess.com INT"]
[Date "2023.04.25"]
[Round "8"]
[White "Figorito, Nick"]
[Black "Yan, Benjamin"]
[Result "0-1"]
[WhiteElo "2036"]
[BlackElo "2111"]
[PlyCount "174"]
[EventDate "2023.04.25"]
[EventType "swiss (blitz)"]
[EventRounds "11"]
[EventCountry "USA"]
[SourceTitle "EXT 2024"]
[Source "ChessBase"]
[SourceDate "2023.10.10"]
[SourceVersion "1"]
[SourceVersionDate "2023.10.10"]
[SourceQuality "1"]

1. Nf3 d5 2. g3 c5 3. Bg2 Nc6 4. d4 cxd4 5. Nxd4 Nf6 6. 0-0 g6 7. c4 Nxd4 8. Qxd4 dxc4 9. Qxc4 Bg7 10. Nc3 0-0 11. Rd1 Qb6 12. Na4 Qa5 13. Bd2 Qh5 14. h4 Be6 15. Qb4 Qxe2 16. Qxe7 Ng4 17. Be1 Ne5 18. Nc5 Bg4 19. Qxb7 Nf3+ 20. Kh1 Rad8 21. Rxd8 Rxd8 22. Qe4 Qxb2 23. Rb1 Qxa2 24. Rc1 Nxe1 25. Qxe1 Bd4 26. Ne4 Re8 27. Nf6+ Bxf6 28. Qxe8+ Kg7 29. Qe3 Qb2 30. Rf1 a5 31. Qf4 Be6 32. Qc1 a4 33. Qxb2 Bxb2 34. Be4 a3 35. Bb1 a2 36. Bxa2 Bxa2 37. Rd1 Be6 38. Kg1 Kf6 39. Rd2 Bc3 40. Re2 Bd4 41. Rc2 Ke5 42. Rd2 Bd5 43. Re2+ Be4 44. Ra2 h5 45. Ra6 Bd5 46. Ra5 Ke6 47. Ra4 Ke5 48. Ra5 Bc3 49. Ra3 Kd4 50. Ra4+ Bc4 51. Ra7 Ke4 52. Re7+ Kf3 53. Rc7 Bd4 54. Rxc4 Bxf2+ 55. Kh2 Bxg3+ 56. Kh3 Bf4 57. Rc3+ Ke4 58. Rc4+ Kf5 59. Rc5+ Be5 60. Rc4 f6 61. Ra4 g5 62. hxg5 fxg5 63. Rc4 Bf6 64. Ra4 g4+ 65. Kg2 h4 66. Ra5+ Kg6 67. Kh2 Bg5 68. Rb5 Bf4+ 69. Kg2 h3+ 70. Kg1 g3 71. Kh1 g2+ 72. Kg1 Be3+ 73. Kh2 g1Q+ 74. Kxh3 Qf1+ 75. Kg4 Qxb5 76. Kf3 Qf5+ 77. Kxe3 Qg4 78. Kf2 Qh3 79. Kg1 Kf5 80. Kf2 Ke4 81. Ke1 Qg2 82. Kd1 Qf2 83. Kc1 Qe2 84. Kb1 Qd2 85. Ka1 Kd3 86. Kb1 Kc3 87. Ka1 Qb2# 0-1

[Event "Titled Tuesday intern op 25th Apr Late"]
[Site "Chess.com INT"]
[Date "2023.04.25"]
[Round "11"]
[White "Micic, Aleksa"]
[Black "Yan, Benjamin"]
[Result "1-0"]
[WhiteElo "2235"]
[BlackElo "2111"]
[PlyCount "161"]
[EventDate "2023.04.25"]
[EventType "swiss (blitz)"]
[EventRounds "11"]
[EventCountry "USA"]
[SourceTitle "EXT 2024"]
[Source "ChessBase"]
[SourceDate "2023.10.10"]
[SourceVersion "1"]
[SourceVersionDate "2023.10.10"]
[SourceQuality "1"]

1. d4 Nf6 2. Nc3 e6 3. Bf4 Bb4 4. Qd3 Bxc3+ 5. bxc3 d5 6. f3 0-0 7. h4 b6 8. g4 Ba6 9. Qd2 c5 10. h5 Nc6 11. g5 Nd7 12. Bh3 f5 13. gxf6 Qxf6 14. Bg5 Qf7 15. Qe3 Rae8 16. h6 g6 17. f4 Nf6 18. Nf3 Ne4 19. 0-0 Na5 20. Ne5 Qc7 21. Bg2 cxd4 22. cxd4 Qxc2 23. Nd7 Rf7 24. Qxe4 dxe4 25. Nf6+ Rxf6 26. Bxf6 Qxe2 27. Rae1 Qg4 28. Rf2 Bb7 29. Kf1 Nc4 30. Bxe4 Bxe4 31. Rxe4 Qd1+ 32. Kg2 Qg4+ 33. Kf1 Qh3+ 34. Kg1 Qg4+ 35. Rg2 Nd2 36. Rxg4 Nxe4 37. Be5 Kf7 38. Rg2 Rc8 39. Re2 Ng3 40. Re3 Nf5 41. Rh3 Rc1+ 42. Kf2 Rc2+ 43. Kf3 Rxa2 44. Ke4 Re2+ 45. Kd3 Rb2 46. Kc3 Ra2 47. Kb3 Re2 48. Rc3 Re3 49. Kb4 Rxc3 50. Kxc3 Ke7 51. Kc4 Kd7 52. d5 exd5+ 53. Kxd5 a5 54. Bg7 Nd6 55. Bf8 Nf5 56. Ke5 b5 57. Kd5 b4 58. Ke5 Kc6 59. Kf6 a4 60. Kf7 b3 61. Ba3 Ne3 62. Kg7 Nc4 63. Bc1 b2 64. Bxb2 Nxb2 65. Kxh7 a3 66. Kxg6 a2 67. h7 a1Q 68. h8Q Qb1+ 69. f5 Qg1+ 70. Kf7 Nc4 71. Qf6+ Kd5 72. Qe6+ Kc5 73. Qc8+ Kd4 74. Qd7+ Kc3 75. Qe6 Qd4 76. Qe1+ Kb3 77. Qg3+ Ne3 78. f6 Qd7+ 79. Kg6 Qf5+ 80. Kg7 Qd7+ 81. f7 1-0

[Event "Titled Tuesday intern op 25th Apr Late"]
[Site "Chess.com INT"]
[Date "2023.04.25"]
[Round "2"]
[White "Yan, Benjamin"]
[Black "Karamsetty, Jeevan"]
[Result "0-1"]
[WhiteElo "2111"]
[BlackElo "2138"]
[PlyCount "50"]
[EventDate "2023.04.25"]
[EventType "swiss (blitz)"]
[EventRounds "11"]
[EventCountry "USA"]
[SourceTitle "EXT 2024"]
[Source "ChessBase"]
[SourceDate "2023.10.10"]
[SourceVersion "1"]
[SourceVersionDate "2023.10.10"]
[SourceQuality "1"]

1. Nf3 g6 2. g3 Bg7 3. Bg2 d6 4. c4 Nf6 5. 0-0 0-0 6. Nc3 c6 7. d4 Bf5 8. Re1 Ne4 9. Qb3 Nxc3 10. Qxc3 Be4 11. Bh3 c5 12. Be3 Nc6 13. Qb3 Bxf3 14. exf3 Nxd4 15. Bxd4 Bxd4 16. Qxb7 Rb8 17. Qxe7 Rxb2 18. Qxd8 Rxd8 19. Kh1 Rxf2 20. Rab1 Rxf3 21. Rb7 Ra3 22. Ree7 Rf8 23. Rxf7 Rxf7 24. Be6 Raf3 25. Rxa7 Kg7 0-1

[Event "Titled Tuesday intern op 25th Apr Late"]
[Site "Chess.com INT"]
[Date "2023.04.25"]
[Round "1"]
[White "Yan, Benjamin"]
[Black "Martinez Reyes, Pedro Ramon"]
[Result "0-1"]
[WhiteElo "2111"]
[BlackElo "2383"]
[PlyCount "62"]
[EventDate "2023.04.25"]
[EventType "swiss (blitz)"]
[EventRounds "11"]
[EventCountry "USA"]
[SourceTitle "EXT 2024"]
[Source "ChessBase"]
[SourceDate "2023.10.10"]
[SourceVersion "1"]
[SourceVersionDate "2023.10.10"]
[SourceQuality "1"]

1. e4 Nc6 2. d4 d5 3. e5 Bf5 4. Nf3 e6 5. c3 f6 6. exf6 Nxf6 7. Bd3 Bd6 8. 0-0 0-0 9. Bg5 Qe8 10. Be2 Ne4 11. Bh4 e5 12. dxe5 Bxe5 13. Qxd5+ Kh8 14. Nxe5 Nxe5 15. Nd2 Ng6 16. Nxe4 Bxe4 17. Qh5 Rf5 18. Qg4 Rf4 19. Qg3 Rxh4 20. Rfe1 Qf7 21. Bg4 Bf5 22. Bf3 Rf8 23. Rad1 Rf4 24. Bxb7 Be6 25. Bf3 Bxa2 26. Rd2 Nh4 27. Re3 Nxf3+ 28. gxf3 h6 29. Red3 Be6 30. Kg2 Rf6 31. Re3 Rg6 0-1

[Event "Titled Tuesday intern op 18th Apr Early"]
[Site "Chess.com INT"]
[Date "2023.04.18"]
[Round "8"]
[White "Fernandez, Gerardo"]
[Black "Yan, Benjamin"]
[Result "1-0"]
[WhiteElo "2181"]
[BlackElo "2111"]
[PlyCount "63"]
[EventDate "2023.04.18"]
[EventType "swiss (blitz)"]
[EventRounds "11"]
[EventCountry "USA"]
[SourceTitle "EXT 2024"]
[Source "ChessBase"]
[SourceDate "2023.10.10"]
[SourceVersion "1"]
[SourceVersionDate "2023.10.10"]
[SourceQuality "1"]

1. e4 b6 2. d4 Bb7 3. Bd3 e6 4. Nc3 Nf6 5. Nf3 Bb4 6. Qe2 d5 7. e5 Ne4 8. Bd2 Bxc3 9. Bxc3 c5 10. Qe3 cxd4 11. Bxd4 Nd7 12. 0-0 0-0 13. Bxe4 dxe4 14. Nd2 Qc7 15. Nxe4 Qxc2 16. Nd6 Bd5 17. Rac1 Qg6 18. f3 Rfd8 19. Rc7 f6 20. exf6 Nxf6 21. Nf7 Rdc8 22. Ne5 Qf5 23. Rfc1 Rxc7 24. Rxc7 Qb1+ 25. Rc1 Qxa2 26. h3 Rf8 27. Rc7 Qb1+ 28. Kh2 Qf5 29. g4 Qb1 30. Qg5 g6 31. Qh6 Qe1 32. Qg7# 1-0

[Event "Titled Tuesday intern op 18th Apr Early"]
[Site "Chess.com INT"]
[Date "2023.04.18"]
[Round "9"]
[White "Yan, Benjamin"]
[Black "Berezin, Viktor"]
[Result "1-0"]
[WhiteElo "2111"]
[BlackElo "1868"]
[PlyCount "79"]
[EventDate "2023.04.18"]
[EventType "swiss (blitz)"]
[EventRounds "11"]
[EventCountry "USA"]
[SourceTitle "EXT 2024"]
[Source "ChessBase"]
[SourceDate "2023.10.10"]
[SourceVersion "1"]
[SourceVersionDate "2023.10.10"]
[SourceQuality "1"]

1. d4 Nf6 2. Nf3 g6 3. Bf4 d6 4. e3 Bg7 5. Be2 0-0 6. h3 c5 7. Nbd2 cxd4 8. exd4 h6 9. 0-0 Nd5 10. Bg3 Nc6 11. c3 e5 12. Bc4 Nb6 13. dxe5 dxe5 14. Bb3 Bf5 15. Re1 Re8 16. Ne4 Qxd1 17. Raxd1 Bxe4 18. Rxe4 Rad8 19. Rxd8 Rxd8 20. Nxe5 Nxe5 21. Bxe5 Re8 22. f4 Nd7 23. Ba4 Bxe5 24. Bxd7 Rd8 25. Rxe5 Rxd7 26. Kf2 Kf8 27. Ke3 b6 28. a4 f6 29. Re6 Kf7 30. Rc6 Re7+ 31. Kf3 Rd7 32. Ke3 Kg7 33. g4 Kf7 34. a5 bxa5 35. Ra6 Rb7 36. Rxa5 Rxb2 37. Rxa7+ Ke6 38. Ra6+ Ke7 39. Ra7+ Ke6 40. Rh7 1-0

[Event "Titled Tuesday intern op 21st Mar Late"]
[Site "Chess.com INT"]
[Date "2023.03.21"]
[Round "5"]
[White "Munoz, Francisco Javier"]
[Black "Yan, Benjamin"]
[Result "1-0"]
[WhiteElo "2389"]
[BlackElo "2111"]
[PlyCount "37"]
[EventDate "2023.03.21"]
[EventType "swiss (blitz)"]
[EventRounds "11"]
[EventCountry "USA"]
[SourceTitle "EXT 2024"]
[Source "ChessBase"]
[SourceDate "2023.10.10"]
[SourceVersion "1"]
[SourceVersionDate "2023.10.10"]
[SourceQuality "1"]

1. e4 b6 2. Nc3 Bb7 3. d4 e6 4. Bd3 Nf6 5. Qe2 Bb4 6. Bd2 0-0 7. Nf3 Bxc3 8. bxc3 d5 9. e5 Ne4 10. h4 f6 11. exf6 Qxf6 12. Ng5 Qxf2+ 13. Qxf2 Nxf2 14. Bxh7+ Kh8 15. Rf1 Nd7 16. Rxf2 Rxf2 17. Kxf2 Rf8+ 18. Kg3 Nf6 19. Bg6 1-0

[Event "Titled Tuesday intern op 21st Mar Late"]
[Site "Chess.com INT"]
[Date "2023.03.21"]
[Round "4"]
[White "Yan, Benjamin"]
[Black "Kokoszczynski, Jan"]
[Result "0-1"]
[WhiteElo "2111"]
[BlackElo "2247"]
[PlyCount "54"]
[EventDate "2023.03.21"]
[EventType "swiss (blitz)"]
[EventRounds "11"]
[EventCountry "USA"]
[SourceTitle "EXT 2024"]
[Source "ChessBase"]
[SourceDate "2023.10.10"]
[SourceVersion "1"]
[SourceVersionDate "2023.10.10"]
[SourceQuality "1"]

1. g3 Nf6 2. Bg2 g6 3. Nf3 Bg7 4. 0-0 0-0 5. d3 b6 6. c4 Bb7 7. Nc3 c5 8. e4 d6 9. d4 cxd4 10. Nxd4 Nbd7 11. Be3 Qc8 12. b3 a6 13. Rc1 e6 14. h3 Qc7 15. Qc2 Rac8 16. Rfd1 Rfd8 17. Rd2 Qb8 18. Rcd1 Qa8 19. Nde2 b5 20. Rxd6 bxc4 21. Bg5 cxb3 22. Qxb3 Nc5 23. Qb6 Rxd6 24. Rxd6 Nfxe4 25. Nxe4 Nxe4 26. Be3 Nxd6 27. Bxb7 Nxb7 0-1

[Event "Titled Tuesday intern op 7th Mar Late"]
[Site "Chess.com INT"]
[Date "2023.03.07"]
[Round "5"]
[White "Yan, Benjamin"]
[Black "Cheng, Xiao"]
[Result "0-1"]
[WhiteElo "2111"]
[BlackElo "2288"]
[PlyCount "59"]
[EventDate "2023.03.07"]
[EventType "swiss (blitz)"]
[EventRounds "11"]
[EventCountry "USA"]
[SourceTitle "EXT 2024"]
[Source "ChessBase"]
[SourceDate "2023.10.10"]
[SourceVersion "1"]
[SourceVersionDate "2023.10.10"]
[SourceQuality "1"]

1. e4 c5 2. Nf3 e6 3. d4 cxd4 4. Nxd4 Nf6 5. Nc3 Nc6 6. Be3 Bb4 7. Nxc6 bxc6 8. e5 Nd5 9. Qg4 g6 10. Bd2 Qa5 11. a3 Bxc3 12. bxc3 Qc7 13. Qd4 c5 14. Qe4 Bb7 15. Bd3 Nb4 16. Qf4 Nd5 17. Qg3 c4 18. Be4 h5 19. 0-0 h4 20. Qg5 Rh5 21. Qg4 h3 22. Bxd5 Bxd5 23. f3 hxg2 24. Kxg2 Qxe5 25. Bf4 Qxc3 26. Rab1 Ke7 27. Bg5+ f6 28. Be3 Qxe3 29. Qxg6 Rg5+ 30. Qxg5 0-1

[Event "Titled Tuesday intern op 7th Mar Late"]
[Site "Chess.com INT"]
[Date "2023.03.07"]
[Round "2"]
[White "Yan, Benjamin"]
[Black "Mortazavi, Ali"]
[Result "1-0"]
[WhiteElo "2111"]
[BlackElo "2333"]
[PlyCount "73"]
[EventDate "2023.03.07"]
[EventType "swiss (blitz)"]
[EventRounds "11"]
[EventCountry "USA"]
[SourceTitle "EXT 2024"]
[Source "ChessBase"]
[SourceDate "2023.10.10"]
[SourceVersion "1"]
[SourceVersionDate "2023.10.10"]
[SourceQuality "1"]

1. e4 c6 2. d4 d5 3. f3 Qb6 4. Nc3 e6 5. a3 Nd7 6. Be3 Ngf6 7. Bd3 dxe4 8. fxe4 e5 9. Nf3 Bd6 10. 0-0 0-0 11. h3 Qc7 12. Nh4 exd4 13. Bxd4 Be5 14. Be3 g6 15. Qf3 Bg3 16. Bg5 Nh5 17. Nf5 Ne5 18. Ne7+ Qxe7 19. Bxe7 Nxf3+ 20. Rxf3 Re8 21. Bg5 Be6 22. Raf1 Be5 23. Ne2 Bxb2 24. g4 Ng7 25. Nf4 Bxa3 26. Bh6 Bc5+ 27. Kg2 Re7 28. Nxe6 Nxe6 29. Bc4 Rd7 30. Rxf7 Rxf7 31. Bxe6 Kh8 32. Rxf7 Bd4 33. Rxb7 c5 34. Rd7 Re8 35. Bd5 a5 36. Ra7 Bc3 37. Be3 1-0

[Event "Titled Tuesday intern op 07th Feb Early"]
[Site "Chess.com INT"]
[Date "2023.02.07"]
[Round "6"]
[White "Silvestre, Christian"]
[Black "Yan, Benjamin"]
[Result "1-0"]
[WhiteElo "1942"]
[BlackElo "2020"]
[PlyCount "93"]
[EventDate "2023.02.07"]
[EventType "swiss (blitz)"]
[EventRounds "11"]
[EventCountry "USA"]
[SourceTitle "EXT 2024"]
[Source "ChessBase"]
[SourceDate "2023.10.10"]
[SourceVersion "1"]
[SourceVersionDate "2023.10.10"]
[SourceQuality "1"]

1. d4 Nf6 2. c4 g6 3. Nc3 Bg7 4. e4 d6 5. f4 0-0 6. Nf3 c5 7. d5 e6 8. dxe6 fxe6 9. Bd3 Nc6 10. 0-0 Nd4 11. Nxd4 cxd4 12. Ne2 e5 13. f5 gxf5 14. exf5 e4 15. Bb1 d3 16. Ng3 Qb6+ 17. Kh1 Bd7 18. Qb3 Qd4 19. Bd2 Ng4 20. h3 Nf2+ 21. Kh2 Be5 22. Bc3 Bxg3+ 23. Kxg3 Qe3+ 24. Kh2 Rxf5 25. c5+ d5 26. Qxb7 Qf4+ 27. g3 Qf3 28. Qxa8+ Rf8 29. Qxd5+ Rf7 30. Qg5+ Kf8 31. Qd8+ Be8 32. Qd6+ Kg8 33. Qe5 Ng4+ 34. hxg4 Qe2+ 35. Kh3 Qxf1+ 36. Kh4 Qh1+ 37. Kg5 Qc1+ 38. Kh4 Qh6+ 39. Qh5 Qc1 40. Qg5+ Qxg5+ 41. Kxg5 Rf1 42. a3 e3 43. Ba2+ Bf7 44. Rxf1 Bxa2 45. Rf3 d2 46. Bxd2 exd2 47. Rd3 1-0

[Event "Titled Tuesday intern op 07th Feb Early"]
[Site "Chess.com INT"]
[Date "2023.02.07"]
[Round "8"]
[White "Yan, Benjamin"]
[Black "Begunov, Konstantin"]
[Result "0-1"]
[WhiteElo "2020"]
[BlackElo "2325"]
[PlyCount "72"]
[EventDate "2023.02.07"]
[EventType "swiss (blitz)"]
[EventRounds "11"]
[EventCountry "USA"]
[SourceTitle "EXT 2024"]
[Source "ChessBase"]
[SourceDate "2023.10.10"]
[SourceVersion "1"]
[SourceVersionDate "2023.10.10"]
[SourceQuality "1"]

1. e4 c5 2. d4 cxd4 3. c3 Nf6 4. e5 Nd5 5. Nf3 Nc6 6. cxd4 d6 7. Bc4 Nb6 8. Bb5 d5 9. 0-0 Bg4 10. Be3 e6 11. h3 Bh5 12. Nbd2 Rc8 13. Rc1 a6 14. Bd3 Be7 15. a3 Na5 16. b4 Nac4 17. Qb3 Nxd2 18. Nxd2 0-0 19. f4 Bg6 20. f5 Bxf5 21. Bxf5 exf5 22. Qd3 Rxc1 23. Rxc1 Qd7 24. Nb3 Rc8 25. Nc5 Bxc5 26. dxc5 Na8 27. Rd1 Nc7 28. Rf1 g6 29. Bg5 Ne6 30. Bf6 d4 31. h4 Qb5 32. Qg3 Qe2 33. Rxf5 d3 34. Rf2 Qe1+ 35. Kh2 d2 36. Qf3 d1Q 0-1

[Event "Titled Tuesday intern op 31st Jan Late"]
[Site "Chess.com INT"]
[Date "2023.01.31"]
[Round "3"]
[White "Kaplan, Avi Harrison"]
[Black "Yan, Benjamin"]
[Result "0-1"]
[WhiteElo "2083"]
[BlackElo "1957"]
[PlyCount "110"]
[EventDate "2023.01.31"]
[EventType "swiss (blitz)"]
[EventRounds "11"]
[EventCountry "USA"]
[SourceTitle "CBM 212 Extra"]
[Source "ChessBase"]
[SourceDate "2023.03.31"]
[SourceVersion "1"]
[SourceVersionDate "2023.03.31"]
[SourceQuality "1"]

1. b3 d5 2. Bb2 c5 3. Nf3 Nc6 4. e3 Nf6 5. c4 d4 6. exd4 cxd4 7. b4 Nxb4 8. Nxd4 e5 9. Qa4+ Bd7 10. Nb5 a6 11. a3 axb5 12. Qb3 Nc6 13. cxb5 Be6 14. Qf3 Nd4 15. Bxd4 Qxd4 16. Nc3 Bc5 17. a4 Rd8 18. Rd1 Bb3 19. Ne2 Qxf2+ 20. Qxf2 Bxf2+ 21. Kxf2 Bxd1 22. Nc3 Bb3 23. Ke1 0-0 24. Be2 Nd5 25. Rf1 Nxc3 26. dxc3 Rc8 27. Kd2 Rfd8+ 28. Kc1 Rxc3+ 29. Kb2 Rc2+ 30. Kxb3 Rxe2 31. Kb4 b6 32. Rc1 Rxg2 33. Rc6 e4 34. Rxb6 e3 35. Rc6 e2 36. Rc1 f5 37. b6 Rg4+ 38. Kb5 Re4 39. Re1 f4 40. Kc6 Rc4+ 41. Kb7 f3 42. a5 f2 43. Rxe2 f1Q 44. Re7 Qf3+ 45. Ka6 Ra8+ 46. Ra7 Qc6 47. h4 Ra4 48. Rxa8+ Qxa8+ 49. Kb5 Qxa5+ 50. Kc6 Rc4+ 51. Kb7 Rb4 52. Kc8 Rxb6 53. h5 Qa8+ 54. Kc7 Qa7+ 55. Kd8 Rb8# 0-1

[Event "Titled Tuesday intern op 31st Jan Late"]
[Site "Chess.com INT"]
[Date "2023.01.31"]
[Round "8"]
[White "Yan, Benjamin"]
[Black "Almedina Ortiz, Edgardo J"]
[Result "1-0"]
[WhiteElo "1957"]
[BlackElo "2156"]
[PlyCount "59"]
[EventDate "2023.01.31"]
[EventType "swiss (blitz)"]
[EventRounds "11"]
[EventCountry "USA"]
[SourceTitle "CBM 212 Extra"]
[Source "ChessBase"]
[SourceDate "2023.03.31"]
[SourceVersion "1"]
[SourceVersionDate "2023.03.31"]
[SourceQuality "1"]

1. e4 c5 2. Nf3 e6 3. d4 cxd4 4. Nxd4 Nc6 5. Be3 Nf6 6. Nc3 Bb4 7. Be2 Nxe4 8. Nxc6 bxc6 9. Qd4 Bxc3+ 10. bxc3 Qf6 11. 0-0 Nxc3 12. Bf3 Nd5 13. Bxd5 cxd5 14. Qb4 Ba6 15. Rfe1 Qg6 16. Bc1 f5 17. Ba3 Qf6 18. Qd6 Bb5 19. Rab1 a6 20. Bb2 Qe7 21. Qe5 0-0 22. a4 Bxa4 23. Ra1 Bb5 24. Ba3 Qf6 25. Bxf8 Qxe5 26. Rxe5 Kxf8 27. h3 Rc8 28. Ra2 Bc4 29. Rb2 Ra8 30. g4 1-0

[Event "Titled Tuesday intern op 31st Jan Late"]
[Site "Chess.com INT"]
[Date "2023.01.31"]
[Round "6"]
[White "Yan, Benjamin"]
[Black "Melikhov, Evgeny V"]
[Result "0-1"]
[WhiteElo "1957"]
[BlackElo "2269"]
[PlyCount "90"]
[EventDate "2023.01.31"]
[EventType "swiss (blitz)"]
[EventRounds "11"]
[EventCountry "USA"]
[SourceTitle "CBM 212 Extra"]
[Source "ChessBase"]
[SourceDate "2023.03.31"]
[SourceVersion "1"]
[SourceVersionDate "2023.03.31"]
[SourceQuality "1"]

1. d4 Nf6 2. c4 e6 3. Nf3 d5 4. Nc3 Bb4 5. cxd5 exd5 6. Bg5 h6 7. Bh4 c5 8. dxc5 g5 9. Bg3 Qa5 10. Be5 Nbd7 11. Bd4 Bxc5 12. e3 Bxd4 13. Nxd4 Ne4 14. Ndb5 Ndf6 15. Bd3 Nxc3 16. Nxc3 Be6 17. Bb5+ Kf8 18. Qd4 Kg7 19. 0-0 a6 20. Bd3 Rac8 21. f4 Qc5 22. Qe5 Qc7 23. Qd4 Qc5 24. fxg5 Qxd4 25. gxh6+ Rxh6 26. exd4 Rch8 27. h3 Bxh3 28. gxh3 Rxh3 29. Bf5 Rh2 30. Rae1 Rxb2 31. Rf2 Rh1+ 32. Kxh1 Rxf2 33. Bd3 Rd2 34. Re3 Ng4 35. Rg3 Kf8 36. Rxg4 Rxd3 37. Nxd5 Rd1+ 38. Kg2 Rd2+ 39. Kf3 Rxa2 40. Re4 a5 41. Re7 b5 42. Rb7 b4 43. Ne3 Rd2 44. d5 Rb2 45. d6 Rd2 0-1

[Event "Titled Tuesday intern op 24th Jan Late"]
[Site "Chess.com INT"]
[Date "2023.01.24"]
[Round "1"]
[White "Bayo Milagro, Alvaro"]
[Black "Yan, Benjamin"]
[Result "1/2-1/2"]
[WhiteElo "2285"]
[BlackElo "1957"]
[PlyCount "132"]
[EventDate "2023.01.24"]
[EventType "swiss (blitz)"]
[EventRounds "11"]
[EventCountry "USA"]
[SourceTitle "EXT 2024"]
[Source "ChessBase"]
[SourceDate "2023.10.10"]
[SourceVersion "1"]
[SourceVersionDate "2023.10.10"]
[SourceQuality "1"]

1. e4 e5 2. Nf3 Nc6 3. Bb5 a6 4. Ba4 Nf6 5. 0-0 Be7 6. Bxc6 dxc6 7. d3 Bd6 8. Nbd2 Be6 9. b3 Qe7 10. Bb2 Nd7 11. Nc4 f6 12. d4 exd4 13. Nxd6+ cxd6 14. Nxd4 0-0 15. Qd2 Rad8 16. Rad1 Nc5 17. Rfe1 Bg4 18. f3 Bc8 19. Qf2 Rfe8 20. Rd2 Qf7 21. Ba3 Qc7 22. Red1 Qa5 23. Bxc5 dxc5 24. Nf5 Rxd2 25. Qxd2 Qxd2 26. Rxd2 Bxf5 27. exf5 Kf7 28. Kf2 Re5 29. g4 Rd5 30. Ke3 Ke7 31. c4 Rxd2 32. Kxd2 Kd6 33. Ke3 Ke5 34. f4+ Kd6 35. h4 b5 36. g5 h6 37. Kf3 h5 38. Ke3 Kc7 39. Kd3 Kb6 40. Kc3 Ka5 41. a3 Kb6 42. Kb2 Kb7 43. Kc2 Kc7 44. Kd3 Kb6 45. Kc3 Ka5 46. Kb2 bxc4 47. bxc4 Ka4 48. Ka2 Ka5 49. Kb3 Kb6 50. Ka4 a5 51. Kb3 Ka6 52. Kc3 Kb6 53. Kd3 Kc7 54. Ke4 Kd6 55. Ke3 Kc7 56. Kf3 Kd6 57. Kg3 Kc7 58. Kf2 Kd6 59. Ke2 Kc7 60. Kd3 Kd6 61. Kc3 Kc7 62. Kb3 Kb6 63. Ka4 Ka6 64. Kb3 Kb6 65. Ka4 Ka6 66. Kb3 Kb6 1/2-1/2

[Event "Titled Tuesday intern op 24th Jan Late"]
[Site "Chess.com INT"]
[Date "2023.01.24"]
[Round "6"]
[White "Gatterer, Florian"]
[Black "Yan, Benjamin"]
[Result "1/2-1/2"]
[WhiteElo "2175"]
[BlackElo "1957"]
[PlyCount "165"]
[EventDate "2023.01.24"]
[EventType "swiss (blitz)"]
[EventRounds "11"]
[EventCountry "USA"]
[SourceTitle "EXT 2024"]
[Source "ChessBase"]
[SourceDate "2023.10.10"]
[SourceVersion "1"]
[SourceVersionDate "2023.10.10"]
[SourceQuality "1"]

1. c4 Nf6 2. Nf3 c5 3. Nc3 Nc6 4. g3 d5 5. cxd5 Nxd5 6. Bg2 g6 7. 0-0 Bg7 8. Qb3 Nf6 9. Qb5 Nd7 10. d3 a6 11. Qb3 0-0 12. Nd5 Rb8 13. a4 b5 14. axb5 axb5 15. Qd1 Bb7 16. Nc3 Ba8 17. h4 Qc7 18. Bf4 e5 19. Bd2 Nf6 20. Ng5 Rfd8 21. Qc1 Nd4 22. Rxa8 Rxa8 23. Bxa8 Rxa8 24. e3 Nb3 25. Qc2 Nxd2 26. Qxd2 Qd7 27. Nce4 Nxe4 28. Nxe4 Qc6 29. Qc2 Rc8 30. Rc1 Bf8 31. h5 f5 32. Nd2 Qd5 33. e4 Qe6 34. b4 f4 35. hxg6 Qxg6 36. Qb3+ Kh8 37. Kg2 fxg3 38. fxg3 Bh6 39. Rc2 Rf8 40. Nf1 Qf6 41. Qb1 Qf3+ 42. Kh2 Qxf1 43. Qxf1 Rxf1 44. Rxc5 Rb1 45. Rxb5 Bd2 46. Rb8+ Kg7 47. b5 Be3 48. Kh3 Bd4 49. Kg4 Kg6 50. Kf3 Rb3 51. Kg4 h5+ 52. Kh3 Rxd3 53. b6 Rb3 54. b7 Kg7 55. Kg2 Ba7 56. Re8 Rxb7 57. Rxe5 Kg6 58. Re6+ Kg7 59. Re5 Rb2+ 60. Kh3 Kg6 61. Re6+ Kf7 62. Re5 Bd4 63. Rxh5 Rb3 64. Rf5+ Ke6 65. Rg5 Bf2 66. Rg4 Ke5 67. Kg2 Bd4 68. Kh3 Re3 69. Kg2 Re2+ 70. Kh3 Bg1 71. Rg5+ Kxe4 72. Kg4 Rg2 73. Rg8 Bf2 74. Re8+ Kd3 75. Kf3 Rxg3+ 76. Kxf2 Rg6 77. Rd8+ Kc4 78. Rc8+ Kb5 79. Re8 Rc6 80. Re4 Kb6 81. Rg4 Kc7 82. Kg3 Rf6 83. Rf4 1/2-1/2